| 000 | 00775nam a22002537a 4500 | ||
|---|---|---|---|
| 003 | 0 | ||
| 005 | 20180727130217.0 | ||
| 008 | 0 | ||
| 010 | _aA-897115 | ||
| 020 |
_c00.00 _a8172401124 |
||
| 035 | _aA-897115, A-897116 | ||
| 037 | _bCen Lib/Ret | ||
| 040 |
_aDPL _bEN _c0 |
||
| 082 |
_a330.068 _bDEB |
||
| 100 |
_aDebroy, Bibek _9107612 |
||
| 245 |
_aManagerial economics / _cby Bibek Debroy |
||
| 260 |
_bGlobal Business Press _aNew Delhi _c1997 |
||
| 270 |
_bDelhi _a18-19, dilshad garden _e110095 |
||
| 300 |
_a218p. _c24cm(Hb) |
||
| 500 | _aIncludes bibliographical references and index | ||
| 650 |
_aSocial environment --managerial economics _973672 |
||
| 650 |
_aManagement -- demand and supply _973673 |
||
| 942 |
_2ddc _cEN _h330.068 _mDEB |
||
| 999 |
_c126496 _d126496 |
||